000 00889cam a22002891 4500
001 1542615
003 ARRUPE
005 20140918134734.0
008 751121s1964 njua b 001 0 eng
010 _a 64009524
015 _aGB64-6654
035 _a(OCoLC)ocm00259359
035 _a(NNC)1542615
040 _aDLC
_cWRJ
_dDLC
_dUKM
_dZCU
_dNNC
050 0 0 _aQA9
_b.M4 1964
100 1 _aMendelson, Elliott.
_911328
245 1 0 _aIntroduction to mathematical logic.
260 _aPrinceton, N.J.,
_bVan Nostrand
_c[1964]
300 _ax, 300 p.
_billus.
_c24 cm.
490 1 _aThe University series in undergraduate mathematics
504 _aBibliography: p. 272-287.
650 0 _aLogic, Symbolic and mathematical.
_911329
740 0 1 _aMathematical logic.
830 0 _aUniversity series in undergraduate mathematics.
_911330
942 _2lcc
_cMONOGRAPH
999 _c120856
_d120856